[Event "Challenge"]
[Site "http://www.queenalice.com/game.php?id=1637868"]
[Date "2020.12.28"]
[Round "-"]
[White "dejami"]
[Black "Nicole63"]
[Result "1-0"]
[WhiteElo "1753"]
[BlackElo "1133"]

1. e4 e5 2. Bc4 Nf6 3. d3 Bc5 4. h3 d6 5. g4 Nc6 6. a3 O-O 7. f3 Nd4 8. c3 Ne6
9. Ne2 Nf4 10. Bxf4 exf4 11. Nxf4 Be3 12. Ng2 Bd7 13. Nxe3 Qe7 14. f4 c6 15. g5
Nh5 16. Qxh5 b5 17. g6 Be6 18. Qxh7# 1-0

[Event "Challenge"]
[Site "http://www.queenalice.com/game.php?id=1638489"]
[Date "2021.1.1"]
[Round "-"]
[White "Carlos19"]
[Black "Nicole63"]
[Result "1-0"]
[WhiteElo "1425"]
[BlackElo "1140"]

1. e4 e5 2. Nf3 Nc6 3. Bc4 d6 4. O-O Nf6 5. d3 b6 6. Nc3 a5 7. Nd5 Be7 8. Bg5
Ba6 9. Bxa6 Rxa6 10. Nxe7 Qxe7 11. c4 a4 12. a3 O-O 13. h3 Qe6 14. Bxf6 Qxf6 15.
b3 Qh6 16. b4 Raa8 17. b5 Rad8 18. bxc6 Rb8 19. Qxa4 Ra8 20. Qd1 Ra5 21. d4 Ra4
22. Qxa4 Qf4 23. Rae1 h6 24. dxe5 dxe5 25. Qa7 g6 26. Qxc7 h5 27. Qxb6 h4 28.
Rd1 Qxe4 29. Rd8 Qxc4 30. Rxf8+ Kg7 31. Re8 Kh6 32. Qe3+ Kh5 33. Rh8# 1-0

[Event "Challenge"]
[Site "http://www.queenalice.com/game.php?id=1640459"]
[Date "2021.1.18"]
[Round "-"]
[White "edemarc"]
[Black "Nicole63"]
[Result "1-0"]
[WhiteElo "1668"]
[BlackElo "1121"]

1. d4 d5 2. Nc3 Nf6 3. Bg5 e6 4. a3 Bd6 5. Bxf6 Qxf6 6. Nf3 Bd7 7. h3 Nc6 8. e3
O-O 9. Bb5 a6 10. Bxc6 bxc6 11. Qd2 Qg6 12. g4 e5 13. dxe5 Bc5 14. Qe2 a5 15.
Na4 Be7 16. Nc3 Bc5 17. Na4 Ba7 18. Nh4 Qg5 19. Nf3 Qg6 20. O-O-O c5 21. Nc3
Rab8 22. Rxd5 Rbd8 23. Rhd1 Qe6 24. e4 c6 25. Rd6 Qe7 26. R6d2 c4 27. Rd6 Bb8
28. R6d4 c5 29. Nd5 Qe8 30. Rxc4 Rc8 31. Nb6 Ba7 32. Nxc8 Bxc8 33. Rd6 Bb8 34.
Rb6 Ba7 35. Rd6 Bb8 36. Rb6 Ba7 37. Rd6 Bb8 38. Qd3 a4 39. Rxc5 Ba7 40. Rcd5
Bxf2 41. Rd8 Qe7 42. Rxf8+ Qxf8 43. Rd8 h6 44. Rxf8+ Kh7 45. Rxc8 Kg6 46. e6
fxe6 47. e5+ Kf7 48. g5 h5 49. g6+ Ke7 50. Qd6# 1-0

[Event "Challenge"]
[Site "http://www.queenalice.com/game.php?id=1640544"]
[Date "2021.1.19"]
[Round "-"]
[White "ilbarbierefallito"]
[Black "Nicole63"]
[Result "1-0"]
[WhiteElo "1449"]
[BlackElo "1128"]

1. e4 e5 2. Bc4 d6 3. Qf3 Nf6 4. h3 Be7 5. Ne2 O-O 6. O-O Nc6 7. Nbc3 Nb4 8. Bb3
c5 9. a3 Nc6 10. Nd5 Qa5 11. Nxe7+ Nxe7 12. d3 Be6 13. Qg3 Nh5 14. Qh4 g6 15.
Qxe7 Rae8 16. Qxb7 Bc8 17. Qd5 a6 18. Qc4 Be6 19. Qa4 Qb6 20. Bh6 d5 21. Bxf8
Rxf8 22. Bxd5 Bc8 23. Ng3 Qxb2 24. Nxh5 Qb5 25. Qxb5 axb5 26. Ng3 Ba6 27. c4
bxc4 28. Bxc4 Bc8 29. a4 h5 30. a5 Kg7 31. a6 Rd8 32. a7 Bb7 33. Rfb1 Bc6 34.
Rb6 Bd7 35. Rb8 Rf8 36. a8=Q Rh8 37. Rxh8 Kf6 38. Qd8+ Kg7 39. Qxd7 Kxh8 40.
Qxf7 h4 41. Ra8# 1-0

[Event "Challenge"]
[Site "http://www.queenalice.com/game.php?id=1640551"]
[Date "2021.1.19"]
[Round "-"]
[White "Nicole63"]
[Black "ilbarbierefallito"]
[Result "0-1"]
[WhiteElo "1131"]
[BlackElo "1446"]

1. e4 c5 2. d4 cxd4 3. Qxd4 Nc6 4. Qd3 g6 5. Bf4 Bg7 6. Qb3 Nf6 7. Bc4 e6 8. Nf3
Nxe4 9. O-O Na5 10. Ne5 Nxb3 11. Bxb3 Qc7 12. f3 Nc5 13. Nc3 Bxe5 14. Nb5 Qb6
15. Nd6+ Bxd6 16. Rad1 Bxf4 17. Rd4 Nxb3 18. axb3 Qxd4+ 19. Kh1 a5 20. c3 Qd2
21. c4 Qe2 22. Rg1 Be3 23. h3 Bxg1 24. Kxg1 Ra6 25. Kh2 Qf2 26. c5 Rc6 27. f4
Rxc5 28. b4 Rc2 29. h4 Qxg2# 0-1

[Event "Challenge"]
[Site "http://www.queenalice.com/game.php?id=1641115"]
[Date "2021.1.23"]
[Round "-"]
[White "Nicole63"]
[Black "dejami"]
[Result "0-1"]
[WhiteElo "1125"]
[BlackElo "1700"]

1. e4 e5 2. d3 Qf6 3. Nf3 h6 4. Be2 g5 5. Qd2 Nc6 6. Qa5 Nxa5 7. Nc3 c6 8. Be3
b5 9. O-O g4 10. Nh4 Qxh4 11. g3 Qf6 12. b4 Bxb4 13. Nb1 Be7 14. Bxg4 Qg7 15.
Nc3 Qxg4 16. Rab1 h5 17. d4 Nc4 18. Bc1 Qf3 19. h4 d6 20. d5 Bh3 21. a4 Qg2# 0-1

[Event "Challenge"]
[Site "http://www.queenalice.com/game.php?id=1641116"]
[Date "2021.1.23"]
[Round "-"]
[White "dejami"]
[Black "Nicole63"]
[Result "1-0"]
[WhiteElo "1646"]
[BlackElo "1123"]

1. e4 e5 2. Bc4 Qe7 3. b3 Nf6 4. Qf3 Nc6 5. c3 Qd6 6. Nh3 Be7 7. Ng5 h6 8. Nxf7
O-O 9. Nxd6+ Kh8 10. Nf5 Rg8 11. Bxg8 Nxg8 12. Ba3 d6 13. Ng3 Nf6 14. h3 Be6 15.
b4 Bg4 16. Qe3 d5 17. hxg4 Nxg4 18. Qe2 Nf6 19. Nf5 a5 20. b5 Nd8 21. Nxe7 Ne6
22. exd5 Nf4 23. Qxe5 Nxg2+ 24. Kf1 Ng4 25. Qg3 Re8 26. Qxg4 Rxe7 27. Qxg2 Re5
28. Bb2 a4 29. c4 c6 30. Bxe5 cxb5 31. Qxg7# 1-0

[Event "Challenge"]
[Site "http://www.queenalice.com/game.php?id=1645054"]
[Date "2021.2.27"]
[Round "-"]
[White "Nicole63"]
[Black "Thot"]
[Result "0-1"]
[WhiteElo "1111"]
[BlackElo "1046"]

1. e4 e5 2. Nf3 d6 3. d4 Bg4 4. Bc4 Nf6 5. Ng5 Bxd1 6. Kxd1 Qe7 7. Nc3 exd4 8.
Ne2 d5 9. exd5 h6 10. Nf3 Ne4 11. Rf1 Qb4 12. Nexd4 Qxc4 13. c3 Qxf1+ 14. Ne1
Nxf2+ 15. Kc2 Bd6 16. Nf5 Bxh2 17. Ne3 Qxe1 18. Kb3 a5 19. g4 b5 20. Nf5 a4+ 21.
Kb4 Na6+ 22. Kxb5 Qe5 23. Nxg7+ Kf8 24. Nh5 Qxd5+ 25. Kxa4 Nc5+ 26. Kb5 f5 27.
g5 Ncd3# 0-1

[Event "Challenge"]
[Site "http://www.queenalice.com/game.php?id=1645751"]
[Date "2021.3.6"]
[Round "-"]
[White "Nicole63"]
[Black "dejami"]
[Result "0-1"]
[WhiteElo "1115"]
[BlackElo "1638"]

1. e4 e5 2. Nf3 d6 3. Bc4 h6 4. d4 Nc6 5. Nc3 Be6 6. Bb3 Bg4 7. O-O g6 8. Be3
Qf6 9. Nd5 Qd8 10. Qd3 f5 11. Bc4 f4 12. Bd2 g5 13. c3 Rc8 14. a3 Bh5 15. b4 g4
16. Nh4 Qxh4 17. Nf6+ Nxf6 18. Be6 Rd8 19. d5 Ne7 20. Qb5+ Nd7 21. a4 Bf7 22.
Qxb7 f3 23. Qxc7 g3 24. fxg3 Qh5 25. g4 Qh4 26. Rxf3 h5 27. Rxf7 hxg4 28. g3
Qxh2+ 29. Kf1 Qh1+ 30. Ke2 Rh2+ 31. Kd3 Qxa1 32. Bg5 Qa2 33. Bxe7 Bxe7 34. Rg7
Rd2+ 35. Ke3 Qc2 36. Rg8+ Bf8 37. Bxg4 Qd3# 0-1

[Event "Challenge"]
[Site "http://www.queenalice.com/game.php?id=1645752"]
[Date "2021.3.6"]
[Round "-"]
[White "dejami"]
[Black "Nicole63"]
[Result "1-0"]
[WhiteElo "1636"]
[BlackElo "1117"]

1. e4 e5 2. Bc4 Qe7 3. Nc3 Nf6 4. d3 d6 5. h3 Qd7 6. g4 Nc6 7. Nce2 Nd4 8. Ng3
Qc6 9. c3 Nb5 10. a4 a6 11. axb5 Qb6 12. Nf3 Be7 13. Ng5 a5 14. Qb3 O-O 15. Be3
c5 16. Qd1 Bd7 17. f4 a4 18. f5 Qa5 19. Bd2 Bxb5 20. Bxb5 Qxb5 21. c4 Qxb2 22.
Rb1 Qd4 23. Qe2 a3 24. Nf3 a2 25. Nxd4 exd4 26. Ra1 Ra5 27. Bxa5 Nd7 28. Rxa2
Bh4 29. Qf3 Ne5 30. Qd1 Bxg3+ 31. Kf1 Nf3 32. Qxf3 Be5 33. Bd2 b5 34. cxb5 Rb8
35. g5 Rxb5 36. Ra8+ Rb8 37. Rxb8# 1-0

[Event "Challenge"]
[Site "http://www.queenalice.com/game.php?id=1646526"]
[Date "2021.3.13"]
[Round "-"]
[White "jbugg"]
[Black "Nicole63"]
[Result "1-0"]
[WhiteElo "1314"]
[BlackElo "1119"]

1. e4 e5 2. Nf3 Nc6 3. Bc4 Bc5 4. O-O Nf6 5. Ng5 O-O 6. Qf3 b6 7. Qg3 Nb4 8. Bb3
Nxe4 9. Nxe4 Bd4 10. c3 Nc2 11. Bxc2 Qe8 12. Nf6+ Kh8 13. Nxe8 Rxe8 14. Qh3 d5
15. Qxh7# 1-0

[Event "Challenge"]
[Site "http://www.queenalice.com/game.php?id=1646895"]
[Date "2021.3.17"]
[Round "-"]
[White "edemarc"]
[Black "Nicole63"]
[Result "1-0"]
[WhiteElo "1665"]
[BlackElo "1111"]

1. e4 e5 2. Nf3 d6 3. d3 Nc6 4. h3 Nf6 5. Bg5 Qe7 6. Be2 Qe6 7. Bxf6 Qxf6 8. O-O
Be7 9. Nc3 O-O 10. Nd5 Qg6 11. Nh2 Nd4 12. Nxe7+ Kh8 13. Nxg6+ fxg6 14. c3 Nb5
15. Qa4 Bd7 16. Qc2 Be6 17. a4 d5 18. axb5 Bd7 19. exd5 Bxb5 20. c4 Ba6 21. Ra5
g5 22. Ng4 Rad8 23. Nxe5 Rde8 24. Nd7 h6 25. d4 Rd8 26. Nxf8 Rxf8 27. Rc5 b6 28.
Rxc7 b5 29. c5 b4 30. Bxa6 h5 31. Qg6 Rf6 32. Qxg7# 1-0

[Event "Challenge"]
[Site "http://www.queenalice.com/game.php?id=1647101"]
[Date "2021.3.19"]
[Round "-"]
[White "Nicole63"]
[Black "jbugg"]
[Result "1-0"]
[WhiteElo "1092"]
[BlackElo "1310"]

1. e4 e5 2. Nf3 Nc6 3. Bc4 h6 4. d4 exd4 5. Nxd4 Qf6 6. Nb5 Qg6 7. O-O Qxe4 8.
Nxc7+ Kd8 9. Nxa8 Qxc4 10. b3 Qb5 11. Na3 Qa6 12. Bf4 Qxa3 13. Bc7+ Ke8 14. Re1+
Nge7 15. Bd6 Qa5 16. Re3 g6 17. Re4 Bg7 18. Qe1 Bxa1 19. Bxe7 Qxe1+ 20. Rxe1 Bc3
21. Nc7# 1-0

[Event "Challenge"]
[Site "http://www.queenalice.com/game.php?id=1648275"]
[Date "2021.3.30"]
[Round "-"]
[White "Thot"]
[Black "Nicole63"]
[Result "1-0"]
[WhiteElo "1072"]
[BlackElo "1089"]

1. d4 d5 2. Nc3 Nf6 3. e3 Bf5 4. Bb5+ c6 5. Be2 e6 6. Nf3 Na6 7. a4 Nb4 8. O-O
Nxc2 9. Ra2 Nb4 10. Ra3 Bd6 11. Ng5 Qe7 12. Bd2 h6 13. Nf3 O-O 14. a5 Na6 15.
Nh4 1-0

[Event "Challenge"]
[Site "http://www.queenalice.com/game.php?id=1648276"]
[Date "2021.3.30"]
[Round "-"]
[White "Nicole63"]
[Black "Thot"]
[Result "0-1"]
[WhiteElo "1107"]
[BlackElo "1054"]

1. e4 d6 2. d4 e5 3. Nf3 Bg4 4. h3 Bd7 5. Bc4 Be7 6. Qd3 Nc6 7. Nc3 exd4 8. Qxd4
Nxd4 9. Nxd4 c5 10. Nf3 b5 11. Nxb5 Nf6 12. e5 Ne4 13. Bf4 a6 14. O-O-O Nxf2 0-1

[Event "Challenge"]
[Site "http://www.queenalice.com/game.php?id=1650409"]
[Date "2021.4.22"]
[Round "-"]
[White "ilbarbierefallito"]
[Black "Nicole63"]
[Result "1-0"]
[WhiteElo "1490"]
[BlackElo "1109"]

1. d4 d5 2. Nf3 Nf6 3. Nc3 Nc6 4. g3 Bf5 5. Bg2 e6 6. O-O Qd6 7. Nb5 Qb4 8.
Nxc7+ Kd8 9. Nxa8 Kc8 10. c3 Qa5 11. b4 Qa6 12. a4 Kb8 13. b5 Qa5 14. bxc6 Kxa8
15. cxb7+ Kxb7 16. Qb3+ Qb6 17. Qxb6+ axb6 18. Nh4 Bc2 19. Nf3 Bd6 20. Ne5 Rf8
21. Ba3 Ne8 22. Bxd6 Nxd6 23. Nd3 Rc8 24. Nb4 Nc4 25. Nxc2 g5 26. Rfb1 f6 27.
Ne3 Nd2 28. Rb2 Ne4 29. Bxe4 dxe4 30. a5 f5 31. axb6 f4 32. Ra7+ Kc6 33. Nc4 f3
34. b7 Rb8 35. Na5+ Kd5 36. e3 h5 37. Ra8 Rxa8 38. bxa8=Q+ 1-0

[Event "Challenge"]
[Site "http://www.queenalice.com/game.php?id=1650410"]
[Date "2021.4.22"]
[Round "-"]
[White "Nicole63"]
[Black "ilbarbierefallito"]
[Result "0-1"]
[WhiteElo "1113"]
[BlackElo "1477"]

1. e4 e5 2. Nf3 Nc6 3. d3 Be7 4. Nc3 Nf6 5. Be3 O-O 6. Be2 d5 7. O-O d4 8. Bg5
dxc3 9. b3 Nh5 10. a3 Bxg5 11. b4 Nf4 12. Nxg5 Qxg5 13. Rb1 Bh3 14. Rb3 Qxg2#
0-1